000
00305nam a2200133Ia 4500
005
20251222155211.0
008
251222s9999||||xx |||||||||||||| ||spa||
082
_a
ETI.50
100
_a
JUNCEDA,Juan Man.
245
0
_a
Vida salud y confianza
250
_a
1ra. ed.
264
_b
San Pablo
942
_c
LIB
999
_c
40293
_d
40293